000 00327nam a22001337a 4500
008 170302b xxu||||| |||| 00| 0 eng d
020 _a0471011460
041 _aeng
080 _a616.073
100 _a6
101 _ashm
245 _aINTRODUCTION TORADIOLOGICAL PHYSICS AND RADIATION DOSIMETRY
_cATTIX, F.H
942 _2udc
_cBK
999 _c6557
_d6557